[Event "FIDE World Cup 2025"]
[Site "Goa, India"]
[Date "2025.11.01"]
[Round "1.6"]
[White "Grandelius, Nils"]
[Black "Allam, Mohamed"]
[Result "1-0"]
[TimeControl ": 90 minutes for the first 40 moves, followed by 30 minutes for the rest of the gamewith an increment of 30 seconds per move starting from move 1"]
[WhiteFideId "1710400"]
[BlackFideId "11501731"]
[WhiteElo "2645"]
[BlackElo "2112"]

1. Nf3 {[%clk 01:30:36]} {[%emt 00:00:23]} d5 {[%clk 01:30:48]} {[%emt
00:00:13]} 2. g3 {[%clk 01:30:39]} {[%emt 00:00:26]} Nd7 {[%clk 01:31:00]}
{[%emt 00:00:19]} 3. d4 {[%clk 01:29:19]} {[%emt 00:01:50]} Nb6 {[%clk
01:31:02]} {[%emt 00:00:29]} 4. Nc3 {[%clk 01:29:21]} {[%emt 00:00:26]} Nf6
{[%clk 01:26:53]} {[%emt 00:04:39]} 5. Bg2 {[%clk 01:27:37]} {[%emt 00:02:14]}
Bf5 {[%clk 01:24:17]} {[%emt 00:03:06]} 6. Nh4 {[%clk 01:27:31]} {[%emt
00:00:35]} e6 {[%clk 01:22:44]} {[%emt 00:02:05]} 7. Nxf5 {[%clk 01:26:26]}
{[%emt 00:01:34]} exf5 {[%clk 01:21:49]} {[%emt 00:01:25]} 8. Qd3 {[%clk
01:19:48]} {[%emt 00:07:09]} Qd7 {[%clk 01:15:45]} {[%emt 00:06:34]} 9. O-O
{[%clk 01:17:31]} {[%emt 00:02:46]} c6 {[%clk 01:12:48]} {[%emt 00:03:27]} 10.
f3 {[%clk 01:05:13]} {[%emt 00:12:48]} Rd8 {[%clk 01:05:33]} {[%emt 00:07:45]}
11. Bh3 {[%clk 00:58:02]} {[%emt 00:07:42]} g6 {[%clk 01:04:09]} {[%emt
00:01:54]} 12. e4 {[%clk 00:57:29]} {[%emt 00:01:03]} dxe4 {[%clk 01:02:11]}
{[%emt 00:02:29]} 13. fxe4 {[%clk 00:57:24]} {[%emt 00:00:34]} Qxd4+ {[%clk
01:01:05]} {[%emt 00:01:36]} 14. Qxd4 {[%clk 00:57:36]} {[%emt 00:00:18]} Rxd4
{[%clk 01:01:27]} {[%emt 00:00:08]} 15. exf5 {[%clk 00:57:45]} {[%emt
00:00:21]} Nfd5 {[%clk 00:47:16]} {[%emt 00:14:40]} 16. Re1+ {[%clk 00:50:10]}
{[%emt 00:08:05]} Kd8 {[%clk 00:43:32]} {[%emt 00:04:15]} 17. Ne4 {[%clk
00:46:51]} {[%emt 00:03:48]} Be7 {[%clk 00:42:10]} {[%emt 00:01:52]} 18. c3
{[%clk 00:43:57]} {[%emt 00:03:24]} Rd3 {[%clk 00:41:41]} {[%emt 00:00:59]} 19.
Bf1 {[%clk 00:36:50]} {[%emt 00:07:36]} Rf3 {[%clk 00:40:22]} {[%emt 00:01:50]}
20. c4 {[%clk 00:36:08]} {[%emt 00:01:13]} Rxf1+ {[%clk 00:28:34]} {[%emt
00:12:18]} 21. Kxf1 {[%clk 00:29:34]} {[%emt 00:07:02]} Nxc4 {[%clk 00:27:38]}
{[%emt 00:01:28]} 22. b3 {[%clk 00:29:42]} {[%emt 00:00:22]} Ncb6 {[%clk
00:23:22]} {[%emt 00:04:45]} 23. f6 {[%clk 00:26:15]} {[%emt 00:03:57]} Nxf6
{[%clk 00:21:54]} {[%emt 00:01:59]} 24. Bb2 {[%clk 00:24:34]} {[%emt 00:02:10]}
Nxe4 {[%clk 00:18:15]} {[%emt 00:04:09]} 25. Bxh8 {[%clk 00:22:58]} {[%emt
00:02:06]} f5 {[%clk 00:18:05]} {[%emt 00:00:40]} 26. g4 {[%clk 00:11:36]}
{[%emt 00:11:52]} Nd5 {[%clk 00:18:14]} {[%emt 00:00:22]} 27. gxf5 {[%clk
00:11:58]} {[%emt 00:00:08]} gxf5 {[%clk 00:18:21]} {[%emt 00:00:22]} 28. Rad1
{[%clk 00:12:08]} {[%emt 00:00:19]} Bd6 {[%clk 00:15:00]} {[%emt 00:03:52]} 29.
Re2 {[%clk 00:09:36]} {[%emt 00:03:01]} Ke7 {[%clk 00:11:46]} {[%emt 00:03:45]}
30. Bd4 {[%clk 00:08:17]} {[%emt 00:01:50]} Nf4 {[%clk 00:09:12]} {[%emt
00:03:02]} 31. Re3 {[%clk 00:07:43]} {[%emt 00:01:05]} a6 {[%clk 00:08:55]}
{[%emt 00:00:48]} 32. Rf3 {[%clk 00:05:22]} {[%emt 00:02:50]} Ke6 {[%clk
00:08:07]} {[%emt 00:01:19]} 33. Bb2 {[%clk 00:05:05]} {[%emt 00:00:45]} Nd5
{[%clk 00:04:27]} {[%emt 00:04:12]} 34. Rh3 {[%clk 00:04:51]} {[%emt 00:00:44]}
h5 {[%clk 00:03:55]} {[%emt 00:01:01]} 35. Bd4 {[%clk 00:01:42]} {[%emt
00:03:39]} c5 {[%clk 00:01:45]} {[%emt 00:02:40]} 36. Bf2 {[%clk 00:01:12]}
{[%emt 00:01:00]} Ndf6 {[%clk 00:01:25]} {[%emt 00:00:51]} 37. Bg1 {[%clk
00:01:00]} {[%emt 00:00:42]} b5 {[%clk 00:01:02]} {[%emt 00:00:53]} 38. Rc1
{[%clk 00:00:48]} {[%emt 00:00:41]} c4 {[%clk 00:00:47]} {[%emt 00:00:50]} 39.
bxc4 {[%clk 00:01:02]} {[%emt 00:00:11]} bxc4 {[%clk 00:00:43]} {[%emt
00:00:34]} 40. Bd4 {[%clk 00:00:48]} {[%emt 00:00:43]} Bf4 {[%clk 00:00:35]}
{[%emt 00:00:38]} 41. Be3 {[%clk 00:22:44]} {[%emt 00:08:34]} Nd5 {[%clk
00:26:58]} {[%emt 00:04:08]} 42. Bxf4 {[%clk 00:22:04]} {[%emt 00:01:09]} Nxf4
{[%clk 00:27:21]} {[%emt 00:00:07]} 43. Re3 {[%clk 00:15:09]} {[%emt 00:07:25]}
Nd5 {[%clk 00:22:02]} {[%emt 00:05:48]} 44. Ra3 {[%clk 00:15:13]} {[%emt
00:00:27]} Nf4 {[%clk 00:12:12]} {[%emt 00:10:20]} 45. Rxa6+ {[%clk 00:11:05]}
{[%emt 00:04:38]} Kd5 {[%clk 00:12:29]} {[%emt 00:00:14]} 46. Ra5+ {[%clk
00:10:28]} {[%emt 00:01:08]} Kd4 {[%clk 00:12:37]} {[%emt 00:00:21]} 47. Rxf5
{[%clk 00:10:10]} {[%emt 00:00:48]} Nd3 {[%clk 00:12:53]} {[%emt 00:00:14]} 48.
Rc2 {[%clk 00:10:21]} {[%emt 00:00:19]} c3 {[%clk 00:07:30]} {[%emt 00:05:54]}
49. Ke2 {[%clk 00:09:07]} {[%emt 00:01:43]} Nb4 {[%clk 00:07:14]} {[%emt
00:00:45]} 50. Kd1 {[%clk 00:09:31]} {[%emt 00:00:06]} Ke3 {[%clk 00:03:14]}
{[%emt 00:04:31]} 51. Rxh5 {[%clk 00:09:27]} {[%emt 00:00:33]} Nd3 {[%clk
00:02:53]} {[%emt 00:00:51]} 52. Rh3+ {[%clk 00:09:36]} {[%emt 00:00:21]} Kd4
{[%clk 00:03:12]} {[%emt 00:00:12]} 53. Rh4 {[%clk 00:09:40]} {[%emt 00:00:30]}
1-0

[Event "FIDE World Cup 2025"]
[Site "Goa, India"]
[Date "2025.11.01"]
[Round "1.7"]
[White "Huh, Isaak"]
[Black "Martinez Alcantara, Jose Eduardo"]
[Result "0-1"]
[TimeControl ": 90 minutes for the first 40 moves, followed by 30 minutes for the rest of the gamewith an increment of 30 seconds per move starting from move 1"]
[WhiteFideId "13209590"]
[BlackFideId "3805662"]
[WhiteElo "2139"]
[BlackElo "2644"]

1. e4 {[%emt 00:00:13]} e5 {[%clk 01:30:51]} 2. Nf3 {[%clk 01:31:18]} {[%emt
00:00:07]} Nc6 {[%clk 01:31:17]} {[%emt 00:00:05]} 3. Bb5 {[%clk 01:31:43]}
{[%emt 00:00:05]} a6 {[%clk 01:31:42]} {[%emt 00:00:05]} 4. Ba4 {[%clk
01:32:10]} {[%emt 00:00:03]} Nf6 {[%clk 01:32:02]} {[%emt 00:00:10]} 5. d3
{[%clk 01:32:33]} {[%emt 00:00:07]} d6 {[%clk 01:31:59]} {[%emt 00:00:33]} 6.
c3 {[%clk 01:32:54]} {[%emt 00:00:08]} g6 {[%clk 01:29:31]} {[%emt 00:02:59]} 7.
O-O {[%clk 01:33:09]} {[%emt 00:00:13]} Bg7 {[%clk 01:29:57]} {[%emt 00:00:06]}
8. Re1 {[%clk 01:33:10]} {[%emt 00:00:27]} O-O {[%clk 01:30:13]} {[%emt
00:00:15]} 9. Nbd2 {[%clk 01:33:00]} {[%emt 00:00:38]} Re8 {[%clk 01:26:20]}
{[%emt 00:04:26]} 10. d4 {[%clk 01:19:50]} {[%emt 00:13:41]} b5 {[%clk
01:17:52]} {[%emt 00:08:57]} 11. Bc2 {[%clk 01:16:52]} {[%emt 00:03:28]} Bb7
{[%clk 01:18:15]} {[%emt 00:00:07]} 12. d5 {[%clk 01:09:57]} {[%emt 00:07:25]}
Nb8 {[%clk 01:18:07]} {[%emt 00:00:38]} 13. b3 {[%clk 00:56:03]} {[%emt
00:14:25]} c6 {[%clk 01:11:30]} {[%emt 00:07:06]} 14. c4 {[%clk 00:51:05]}
{[%emt 00:05:28]} a5 {[%clk 01:10:11]} {[%emt 00:01:49]} 15. a4 {[%clk
00:43:54]} {[%emt 00:07:42]} bxc4 {[%clk 01:06:18]} {[%emt 00:04:23]} 16. bxc4
{[%clk 00:39:15]} {[%emt 00:05:08]} Na6 {[%clk 01:06:38]} {[%emt 00:00:09]} 17.
Ba3 {[%clk 00:33:32]} {[%emt 00:06:15]} Nb4 {[%clk 01:03:36]} {[%emt 00:03:31]}
18. Rb1 {[%clk 00:32:28]} {[%emt 00:01:34]} c5 {[%clk 01:03:21]} {[%emt
00:00:45]} 19. Nf1 {[%clk 00:27:25]} {[%emt 00:05:33]} Ba6 {[%clk 01:03:09]}
{[%emt 00:00:43]} 20. Bb3 {[%clk 00:27:12]} {[%emt 00:00:42]} Bh6 {[%clk
01:02:21]} {[%emt 00:01:18]} 21. Bc1 {[%clk 00:25:59]} {[%emt 00:01:44]} Bxc1
{[%clk 01:01:03]} {[%emt 00:01:48]} 22. Rxc1 {[%clk 00:26:22]} {[%emt
00:00:07]} Bc8 {[%clk 01:01:11]} {[%emt 00:00:21]} 23. Rc3 {[%clk 00:24:04]}
{[%emt 00:02:48]} Nh5 {[%clk 00:59:20]} {[%emt 00:02:22]} 24. g3 {[%clk
00:17:57]} {[%emt 00:06:37]} Rf8 {[%clk 00:55:43]} {[%emt 00:04:06]} 25. Qd2
{[%clk 00:17:19]} {[%emt 00:01:09]} Ra7 {[%clk 00:54:09]} {[%emt 00:02:03]} 26.
Bd1 {[%clk 00:15:54]} {[%emt 00:01:55]} Ng7 {[%clk 00:52:05]} {[%emt 00:02:35]}
27. Qh6 {[%clk 00:12:53]} {[%emt 00:03:31]} f6 {[%clk 00:52:33]} {[%emt
00:00:02]} 28. h4 {[%clk 00:08:42]} {[%emt 00:04:41]} Rb7 {[%clk 00:52:39]}
{[%emt 00:00:24]} 29. N3h2 {[%clk 00:07:03]} {[%emt 00:02:08]} f5 {[%clk
00:48:40]} {[%emt 00:04:29]} 30. Nd2 {[%clk 00:04:25]} {[%emt 00:03:10]} Ne8
{[%clk 00:41:09]} {[%emt 00:08:00]} 31. Nhf3 {[%clk 00:04:21]} {[%emt
00:00:33]} Qf6 {[%clk 00:40:39]} {[%emt 00:01:01]} 32. Ng5 {[%clk 00:03:42]}
{[%emt 00:01:09]} Qg7 {[%clk 00:40:44]} {[%emt 00:00:24]} 33. Qxg7+ {[%clk
00:04:01]} {[%emt 00:00:11]} Nxg7 {[%clk 00:41:13]} 34. f4 {[%clk 00:02:28]}
{[%emt 00:02:03]} exf4 {[%clk 00:39:11]} {[%emt 00:02:32]} 35. gxf4 {[%clk
00:02:49]} {[%emt 00:00:09]} h6 {[%clk 00:39:38]} {[%emt 00:00:03]} 36. Nh3
{[%clk 00:02:01]} {[%emt 00:01:18]} fxe4 {[%clk 00:27:49]} {[%emt 00:12:19]} 37.
Nxe4 {[%clk 00:02:29]} Re7 {[%clk 00:28:08]} {[%emt 00:00:11]} 38. Nf6+ {[%clk
00:01:02]} {[%emt 00:01:58]} Kf7 {[%clk 00:28:27]} {[%emt 00:00:11]} 39. Ne4
{[%clk 00:01:17]} {[%emt 00:00:15]} Nf5 {[%clk 00:26:01]} {[%emt 00:02:55]} 40.
Nhf2 {[%clk 00:00:49]} {[%emt 00:00:58]} Rfe8 {[%clk 00:24:59]} {[%emt
00:01:33]} 41. Bf3 {[%clk 00:21:17]} {[%emt 00:10:01]} Kg7 {[%clk 00:54:09]}
{[%emt 00:01:19]} 42. Rb1 {[%clk 00:18:30]} {[%emt 00:03:18]} h5 {[%clk
00:53:09]} {[%emt 00:01:30]} 43. Kh2 {[%clk 00:14:56]} {[%emt 00:04:03]} Kh6
{[%clk 00:52:47]} {[%emt 00:00:52]} 44. Rg1 {[%clk 00:13:17]} {[%emt 00:02:10]}
Rd8 {[%clk 00:51:56]} {[%emt 00:01:20]} 45. Bh1 {[%clk 00:07:32]} {[%emt
00:06:16]} Nxh4 {[%clk 00:50:40]} {[%emt 00:01:45]} 46. Nh3 {[%clk 00:05:21]}
{[%emt 00:02:40]} Nf5 {[%clk 00:44:50]} {[%emt 00:06:20]} 47. Nhg5 {[%clk
00:03:25]} {[%emt 00:02:26]} Rf8 {[%clk 00:45:11]} {[%emt 00:00:09]} 48. Rf3
{[%clk 00:02:18]} {[%emt 00:01:37]} Bd7 {[%clk 00:43:24]} {[%emt 00:02:18]} 49.
Rf2 {[%clk 00:01:04]} {[%emt 00:01:44]} Nd3 {[%clk 00:43:20]} {[%emt 00:00:33]}
50. Rfg2 {[%clk 00:00:47]} {[%emt 00:00:48]} Nxf4 {[%clk 00:43:24]} {[%emt
00:00:26]} 51. Ne6 {[%clk 00:00:39]} {[%emt 00:00:39]} Bxe6 {[%clk 00:43:45]}
{[%emt 00:00:08]} 0-1

[Event "FIDE World Cup 2025"]
[Site "Goa, India"]
[Date "2025.11.01"]
[Round "1.8"]
[White "Gledura, Benjamin"]
[Black "Amdouni, Zoubaier"]
[Result "1-0"]
[TimeControl ": 90 minutes for the first 40 moves, followed by 30 minutes for the rest of the gamewith an increment of 30 seconds per move starting from move 1"]
[WhiteFideId "712779"]
[BlackFideId "5500419"]
[WhiteElo "2643"]
[BlackElo "2186"]

1. e4 {[%clk 01:30:55]} {[%emt 00:00:04]} c5 {[%clk 01:25:16]} {[%emt
00:05:45]} 2. Nf3 {[%clk 01:31:06]} {[%emt 00:00:18]} Nc6 {[%clk 01:25:43]}
{[%emt 00:00:03]} 3. Bb5 {[%clk 01:31:07]} {[%emt 00:00:30]} g6 {[%clk
01:22:48]} {[%emt 00:03:25]} 4. O-O {[%clk 01:30:41]} {[%emt 00:00:55]} Bg7
{[%clk 01:23:14]} {[%emt 00:00:04]} 5. d3 {[%clk 01:30:33]} {[%emt 00:00:38]}
Nf6 {[%clk 01:15:51]} {[%emt 00:07:54]} 6. Nc3 {[%clk 01:30:48]} {[%emt
00:00:14]} O-O {[%clk 01:15:43]} {[%emt 00:00:39]} 7. e5 {[%clk 01:30:36]}
{[%emt 00:00:41]} Ng4 {[%clk 01:11:14]} {[%emt 00:05:00]} 8. Bxc6 {[%clk
01:30:38]} {[%emt 00:00:27]} bxc6 {[%clk 01:10:35]} {[%emt 00:01:10]} 9. Re1
{[%clk 01:30:50]} {[%emt 00:00:18]} f6 {[%clk 01:09:34]} {[%emt 00:01:31]} 10.
exf6 {[%clk 01:31:05]} {[%emt 00:00:14]} Nxf6 {[%clk 01:09:14]} {[%emt
00:00:50]} 11. Qe2 {[%clk 01:31:17]} {[%emt 00:00:17]} Re8 {[%clk 01:03:59]}
{[%emt 00:05:46]} 12. Bg5 {[%clk 01:28:26]} {[%emt 00:03:20]} Qc7 {[%clk
00:49:03]} {[%emt 00:15:27]} 13. Bxf6 {[%clk 01:16:49]} {[%emt 00:12:06]} Bxf6
{[%clk 00:49:29]} {[%emt 00:00:05]} 14. Ne4 {[%clk 01:17:05]} {[%emt 00:00:13]}
Bxb2 {[%clk 00:45:47]} {[%emt 00:04:13]} 15. c3 {[%clk 01:11:35]} {[%emt
00:05:59]} Bxa1 {[%clk 00:35:50]} {[%emt 00:10:29]} 16. Nf6+ {[%clk 01:11:55]}
{[%emt 00:00:09]} Kf7 {[%clk 00:35:48]} {[%emt 00:00:32]} 17. Ne5+ {[%clk
01:06:08]} {[%emt 00:06:17]} Qxe5 {[%clk 00:24:35]} {[%emt 00:11:44]} 18. Qxe5
{[%clk 01:06:28]} {[%emt 00:00:08]} d6 {[%clk 00:24:55]} {[%emt 00:00:10]} 19.
Qf4 {[%clk 01:02:18]} {[%emt 00:04:40]} exf6 {[%clk 00:23:47]} {[%emt
00:01:38]} 20. Rxa1 {[%clk 01:01:58]} {[%emt 00:00:49]} Re5 {[%clk 00:23:07]}
{[%emt 00:01:11]} 21. h3 {[%clk 01:01:54]} {[%emt 00:00:34]} Ba6 {[%clk
00:16:06]} {[%emt 00:07:32]} 22. d4 {[%clk 00:44:01]} {[%emt 00:18:22]} cxd4
{[%clk 00:15:53]} {[%emt 00:00:44]} 23. cxd4 {[%clk 00:41:58]} {[%emt
00:02:33]} Re6 {[%clk 00:16:09]} {[%emt 00:00:14]} 24. Rc1 {[%clk 00:42:15]}
{[%emt 00:00:12]} Rc8 {[%clk 00:10:10]} {[%emt 00:06:30]} 25. Qh6 {[%clk
00:42:02]} {[%emt 00:00:42]} Kg8 {[%clk 00:09:57]} {[%emt 00:00:44]} 26. Qd2
{[%clk 00:42:19]} {[%emt 00:00:13]} d5 {[%clk 00:04:18]} {[%emt 00:06:09]} 27.
Qa5 {[%clk 00:42:40]} {[%emt 00:00:08]} Bc4 {[%clk 00:04:45]} {[%emt 00:00:04]}
28. Qxa7 {[%clk 00:42:53]} {[%emt 00:00:17]} Rce8 {[%clk 00:01:17]} {[%emt
00:03:58]} 29. a4 {[%clk 00:42:02]} {[%emt 00:01:21]} Re1+ {[%clk 00:00:33]}
{[%emt 00:01:14]} 30. Rxe1 {[%clk 00:42:25]} {[%emt 00:00:07]} Rxe1+ {[%clk
00:01:02]} 31. Kh2 {[%clk 00:42:41]} {[%emt 00:00:14]} Ra1 {[%clk 00:00:34]}
{[%emt 00:00:58]} 32. h4 {[%clk 00:38:08]} {[%emt 00:05:03]} h5 {[%clk
00:00:43]} {[%emt 00:00:21]} 33. Qe7 {[%clk 00:37:42]} {[%emt 00:00:56]} Rxa4
{[%clk 00:00:36]} {[%emt 00:00:37]} 34. Qxf6 {[%clk 00:38:02]} {[%emt
00:00:09]} Kh7 {[%clk 00:00:32]} {[%emt 00:00:36]} 35. Qxc6 {[%clk 00:36:24]}
{[%emt 00:02:07]} Ra7 {[%clk 00:00:48]} {[%emt 00:00:15]} 36. Qe6 {[%clk
00:36:45]} {[%emt 00:00:07]} Kg7 {[%clk 00:01:05]} {[%emt 00:00:14]} 37. f3
{[%clk 00:32:46]} {[%emt 00:04:28]} Rf7 {[%clk 00:01:03]} {[%emt 00:00:32]} 38.
Kg3 {[%clk 00:32:55]} {[%emt 00:00:21]} Rf5 {[%clk 00:01:14]} {[%emt 00:00:20]}
39. Kf2 {[%clk 00:32:50]} {[%emt 00:00:34]} Rf7 {[%clk 00:00:33]} {[%emt
00:01:12]} 40. Ke3 {[%clk 00:31:18]} {[%emt 00:02:01]} Rf5 {[%clk 00:00:31]}
{[%emt 00:00:34]} 41. g4 {[%clk 00:24:17]} {[%emt 00:07:30]} hxg4 {[%clk
00:25:59]} {[%emt 00:05:01]} 42. fxg4 {[%clk 00:54:33]} {[%emt 00:00:13]} Rf1
{[%clk 00:25:39]} {[%emt 00:00:52]} 43. Qe7+ {[%clk 00:54:38]} {[%emt
00:00:25]} Kg8 {[%clk 00:21:15]} {[%emt 00:04:54]} 44. Qd6 {[%clk 00:53:31]}
{[%emt 00:01:36]} Kg7 {[%clk 00:21:28]} {[%emt 00:00:18]} 45. g5 {[%clk
00:51:33]} {[%emt 00:02:27]} Rf7 {[%clk 00:15:08]} {[%emt 00:06:50]} 46. Qe5+
{[%clk 00:48:55]} {[%emt 00:03:07]} Kh7 {[%clk 00:13:57]} {[%emt 00:01:42]} 47.
Kd2 {[%clk 00:49:01]} {[%emt 00:00:24]} Rf2+ {[%clk 00:09:29]} {[%emt
00:04:57]} 48. Kc3 {[%clk 00:49:11]} {[%emt 00:00:21]} Rf3+ {[%clk 00:09:54]}
{[%emt 00:00:05]} 49. Kb4 {[%clk 00:49:13]} {[%emt 00:00:27]} Rf7 {[%clk
00:10:19]} {[%emt 00:00:06]} 50. Kc5 {[%clk 00:47:20]} {[%emt 00:02:22]} Bd3
{[%clk 00:09:38]} {[%emt 00:01:10]} 51. Qe6 {[%clk 00:47:29]} {[%emt 00:00:21]}
Ra7 {[%clk 00:09:51]} {[%emt 00:00:18]} 52. Qb6 {[%clk 00:44:57]} {[%emt
00:03:00]} Rd7 {[%clk 00:08:54]} {[%emt 00:01:29]} 53. h5 {[%clk 00:44:31]}
{[%emt 00:00:56]} gxh5 {[%clk 00:07:46]} {[%emt 00:01:38]} 54. Qh6+ {[%clk
00:44:43]} {[%emt 00:00:17]} Kg8 {[%clk 00:08:13]} {[%emt 00:00:02]} 55. Qe6+
{[%clk 00:45:04]} {[%emt 00:00:10]} 1-0

[Event "FIDE World Cup 2025"]
[Site "Goa, India"]
[Date "2025.11.01"]
[Round "1.9"]
[White "Salih, Akar Ali Salih"]
[Black "Kollars, Dmitrij"]
[Result "0-1"]
[TimeControl ": 90 minutes for the first 40 moves, followed by 30 minutes for the rest of the gamewith an increment of 30 seconds per move starting from move 1"]
[WhiteFideId "4800575"]
[BlackFideId "12909572"]
[WhiteElo "2212"]
[BlackElo "2642"]

1. e4 {[%clk 01:30:55]} {[%emt 00:00:04]} e5 {[%clk 01:30:25]} {[%emt
00:00:36]} 2. Nf3 {[%clk 01:31:15]} {[%emt 00:00:10]} Nc6 {[%clk 01:30:33]}
{[%emt 00:00:22]} 3. Bb5 {[%clk 01:31:26]} {[%emt 00:00:19]} a6 {[%clk
01:30:28]} {[%emt 00:00:35]} 4. Ba4 {[%clk 01:31:46]} {[%emt 00:00:11]} Nf6
{[%clk 01:30:24]} {[%emt 00:00:35]} 5. O-O {[%clk 01:31:32]} {[%emt 00:00:43]}
b5 {[%clk 01:29:20]} {[%emt 00:01:34]} 6. Bb3 {[%clk 01:31:50]} {[%emt
00:00:11]} Bc5 {[%clk 01:29:44]} {[%emt 00:00:06]} 7. c3 {[%clk 01:30:50]}
{[%emt 00:01:30]} d6 {[%clk 01:29:59]} {[%emt 00:00:15]} 8. d4 {[%clk
01:30:03]} {[%emt 00:01:17]} Bb6 {[%clk 01:29:13]} {[%emt 00:01:16]} 9. Be3
{[%clk 01:30:07]} {[%emt 00:00:26]} O-O {[%clk 01:29:17]} {[%emt 00:00:26]} 10.
Nbd2 {[%clk 01:30:06]} {[%emt 00:00:31]} Bg4 {[%clk 01:24:42]} {[%emt
00:05:06]} 11. h3 {[%clk 01:27:14]} {[%emt 00:03:21]} Bh5 {[%clk 01:24:33]}
{[%emt 00:00:39]} 12. dxe5 {[%clk 01:18:09]} {[%emt 00:09:36]} Nxe5 {[%clk
01:22:35]} {[%emt 00:02:28]} 13. Bxb6 {[%clk 01:15:15]} {[%emt 00:03:24]} cxb6
{[%clk 01:21:05]} {[%emt 00:01:59]} 14. g4 {[%clk 01:11:32]} {[%emt 00:04:13]}
Bg6 {[%clk 01:06:51]} {[%emt 00:14:44]} 15. Qe2 {[%clk 00:54:58]} {[%emt
00:17:05]} Nxf3+ {[%clk 01:03:47]} {[%emt 00:03:34]} 16. Qxf3 {[%clk 00:54:49]}
{[%emt 00:00:38]} Re8 {[%clk 00:58:45]} {[%emt 00:05:32]} 17. Rfe1 {[%clk
00:53:30]} {[%emt 00:01:49]} Ra7 {[%clk 00:52:34]} {[%emt 00:06:42]} 18. a4
{[%clk 00:47:27]} {[%emt 00:06:32]} Rae7 {[%clk 00:47:02]} {[%emt 00:06:02]} 19.
axb5 {[%clk 00:43:42]} {[%emt 00:04:15]} axb5 {[%clk 00:47:07]} {[%emt
00:00:26]} 20. Re3 {[%clk 00:39:03]} {[%emt 00:05:09]} h6 {[%clk 00:41:48]}
{[%emt 00:05:49]} 21. Rae1 {[%clk 00:34:16]} {[%emt 00:05:18]} Qc7 {[%clk
00:38:28]} {[%emt 00:03:50]} 22. Qf4 {[%clk 00:32:25]} {[%emt 00:02:20]} Qc5
{[%clk 00:35:25]} {[%emt 00:03:34]} 23. Kg2 {[%clk 00:12:39]} {[%emt 00:20:16]}
b4 {[%clk 00:32:25]} {[%emt 00:03:30]} 24. f3 {[%clk 00:12:38]} {[%emt
00:00:31]} b5 {[%clk 00:30:09]} {[%emt 00:02:46]} 25. Nf1 {[%clk 00:11:03]} Re5
{[%clk 00:28:27]} {[%emt 00:04:17]} 26. Rd1 {[%clk 00:10:10]} h5 {[%clk
00:28:27]} 27. Rd4 {[%clk 00:10:10]} bxc3 {[%clk 00:28:27]} 28. bxc3 {[%clk
00:10:10]} Qa3 {[%clk 00:14:36]} {[%emt 00:17:17]} 29. Rb4 {[%clk 00:06:38]}
Rc8 {[%clk 00:09:58]} {[%emt 00:09:36]} 30. g5 {[%clk 00:05:42]} Ne8 {[%clk
00:07:39]} {[%emt 00:04:14]} 31. Bd5 {[%clk 00:03:50]} Nc7 {[%clk 00:07:15]}
{[%emt 00:03:17]} 32. Rd4 {[%clk 00:03:30]} Nxd5 {[%clk 00:07:15]} 33. Rxd5
{[%clk 00:03:30]} Rxd5 {[%clk 00:07:15]} 34. exd5 {[%clk 00:03:30]} Qa2+ {[%clk
00:06:22]} {[%emt 00:03:24]} 35. Kg3 {[%clk 00:04:14]} {[%emt 00:00:35]} Qxd5
{[%clk 00:05:28]} {[%emt 00:01:24]} 36. Nd2 {[%clk 00:04:18]} {[%emt 00:00:26]}
Kh7 {[%clk 00:04:44]} {[%emt 00:01:13]} 37. Ne4 {[%clk 00:02:17]} {[%emt
00:02:32]} Rc4 {[%clk 00:04:14]} {[%emt 00:01:00]} 38. h4 {[%clk 00:01:43]}
{[%emt 00:01:03]} Qd1 {[%clk 00:03:06]} {[%emt 00:01:37]} 39. Kf2 {[%clk
00:00:53]} {[%emt 00:01:21]} d5 {[%clk 00:02:23]} {[%emt 00:01:12]} 40. Re1
{[%clk 00:00:55]} {[%emt 00:00:28]} Qa4 {[%clk 00:01:40]} {[%emt 00:01:14]} 41.
Nf6+ {[%clk 00:00:52]} {[%emt 00:00:34]} gxf6 {[%clk 00:02:04]} {[%emt
00:00:06]} 42. Qxf6 {[%clk 00:01:18]} {[%emt 00:00:04]} Qc2+ {[%clk 00:01:00]}
{[%emt 00:01:33]} 43. Kg3 {[%clk 00:01:41]} {[%emt 00:00:07]} Qxc3 {[%clk
00:01:06]} {[%emt 00:00:24]} 0-1